| 000 | 00440nab a2200145Ia 4500 | ||
|---|---|---|---|
| 003 | ES-SlBCS | ||
| 005 | 20210601134614.0 | ||
| 008 | 140529s1980 xxu||||| |||| 00| 0 spa d | ||
| 041 | _aspa | ||
| 100 | 1 |
_aVillanueva, L. _9220331 |
|
| 245 | 0 | 0 |
_aLa mujer en el cancionero galaico-portugués _c L. Villanueva |
| 650 | 0 | 4 |
_aCancionero Galaico-Portugués _9220332 |
| 773 | 0 |
_tAnthropos _gvol. 1, nº. 1, 1980, págs. 163-172 _wRev38 |
|
| 942 | _cAR | ||
| 999 |
_c615155 _d615155 |
||